000
00296nam a2200121Ia 4500
008
190216s9999||||xx |||||||||||||| ||und||
100
_a
Arthur I Vogel
245
0
_a
Text Book Of Quantitative Inorganic Analysis
260
_b
Longmans
_c
1961
300
_a
1214p
650
_a
Chemistry
942
_c
BK
999
_c
2320
_d
2320